Northern Ireland - Statistics

General Stats
  • This quiz has been taken 374 times
  • The average score is 6 of 10
Answer Stats
Hint Answer % Correct
main city? belfast
96%
know as the walled city, and has two names? derry
92%
were would you find hexagonal stones? giants causeway
82%
finish this sentance "ulster say's ... no
73%
what is the name of the lough in the middle of northern ireland? lough neagh
61%
the county were staint pitrick is buried? county down
49%
and what county is it in? (relaits to Qu 7) county antrim
45%
what stone are the columns made out of? (relaits to Qu7&8) basalt
43%
a castle whos kitchen fell in to the sea? dunluce castle
26%
Ring and a historic monument? giants ring
21%
No matching quizzes found
Score Distribution
Percent of People with Each Score
Percentile by Number Answered
Your Score History
You have not taken this quiz